La familia
Guardat en:
| Autor principal: | |
|---|---|
| Altres autors: | , |
| Format: | Llibre |
| Idioma: | espanyol |
| Publicat: |
Barcelona
Península
1994
|
| Edició: | 7a. ed |
| Col·lecció: | Historia, Ciencia, Sociedad, 57
|
| Matèries: | |
| Etiquetes: |
Afegir etiqueta
Sense etiquetes, Sigues el primer a etiquetar aquest registre!
|
MARC
| LEADER | 00000cam a2200000 a 4500 | ||
|---|---|---|---|
| 001 | UCY5181 | ||
| 003 | CL-VaPUC | ||
| 008 | 950417e19940000SP |||||||||||||||||spa|d | ||
| 020 | |a 8429706402 | ||
| 082 | 0 | 4 | |a 306.85 |b FRO |2 21 |
| 100 | 0 | |a Fromm, Erich |e author |9 315922 | |
| 700 | |a Horkheimer, Max |e autor |9 402295 | ||
| 700 | |a Parsons, Talcott |e autor |9 880793 | ||
| 245 | 1 | 3 | |a La familia |
| 250 | |a 7a. ed | ||
| 300 | |a 296 p | ||
| 942 | |c BK | ||
| 945 | |d 19950417 00:00:00 |a rbrito | ||
| 260 | |a Barcelona |b Península |c 1994 | ||
| 650 | 0 | |a Familias |9 255641 | |
| 650 | 0 | |a Aspectos sociales |9 254894 | |
| 650 | 0 | |a Aspectos psicológicos |9 258128 | |
| 583 | |a last modification |c 20171116 11:45:12 |k Rodrigo Vera | ||
| 490 | 0 | |a Historia, Ciencia, Sociedad, 57 | |
| 999 | |c 232892 |d 232890 | ||
| 952 | |0 0 |1 0 |4 0 |6 306_850000000000000_FRO_1994 |7 0 |8 R |9 237858 |a BIBGIM |b BIBGIM |d 2019-11-18 |i 3090671 |o 306.85 FRO 1994 |p 3090671 |r 2025-01-15 |w 2019-11-18 |y BK_R |k SSL | ||
| 952 | |0 0 |1 0 |3 erb |4 0 |6 306_850000000000000_FRO_1994 |7 0 |8 A |9 237859 |a BIBEDU |b BIBEDU |i 5437644 |o 306.85 FRO 1994 |p 5437644 |r 2019-11-18 |w 2019-11-18 |y BK |z Catalogado en:20171117 |k PSI | ||